Detalles MARC
| 000 -LÍDER |
| Campo fijo de descripción fija |
01261aam a2200313 i 4500 |
| 001 - NÚMERO DE CONTROL |
| Campo de control |
768714001 |
| 003 - IDENTIFICADOR DEL NÚMERO DE CONTROL |
| Campo de control |
CO-MdFUSB |
| 005 - FECHA Y HORA DE LA ULTIMA TRANSACCIÓN |
| control field |
20190716160244.0 |
| 008 - ELEMENTOS DE LONGITUD FIJA -- INFORMACIÓN GENERAL |
| Campo fijo de descripción fija -- Información general |
190530b1984 spa |||| |||| 00| 0 spa d |
| 020 ## - NÚMERO INTERNACIONAL NORMALIZADO PARA LIBROS |
| Número Internacional Normalizado del libro |
8472289257 |
| 040 ## - FUENTE DE CATALOGACIÓN |
| Agencia de catalogación original |
CO-MdFUSB |
| Idioma de catalogación |
spa |
| Agencia que realiza la transcripción |
CO-MdFUSB |
| Agencia que realiza la modificación |
CO-MdFUSBC |
| Convenciones de la descripción |
rda |
| 041 ## - CÓDIGO DE IDIOMA |
| Código de idioma para texto/pista de sonido o título separado |
spa |
| 082 ## - NÚMERO DE CLASIFICACIÓN DECIMAL DEWEY |
| Número de la edición del Dewey |
25 |
| Número de clasificación |
252 |
| Clave de autor-Numero de item |
SP772ser |
| 100 1# - ASIENTO PRINCIPAL--NOMBRE PERSONAL |
| Nombre personal |
Spurgeon, C. H. (Charles Haddon) (1834 |
| Término relacionador |
autor |
| 245 10 - TÍTULO |
| Título del Material |
Doce Sermones : |
| Parte restante del título - Subtitulo |
evangélicos |
| Mención de responsabilidad, etc. |
/ Charles H. Spurgeon |
| 246 ## - FORMA VARIANTE DEL TITULO |
| Título propiamente dicho/forma breve del título |
12 sermones sobre la resurrección |
| 264 #1 - PRODUCCIÓN, PUBLICACIÓN, DISTRIBUCIÓN, MANUFACTURA, Y COPYRIGHT |
| Lugar de producción, publicación, distribución, manufactura |
Terrassa : |
| Nombre del productor, publicador, distribuidor |
Clie, |
| Fecha de producción, publicación, distribución, manufactura, o copyright |
[1984] |
| 264 #4 - PRODUCCIÓN, PUBLICACIÓN, DISTRIBUCIÓN, MANUFACTURA, Y COPYRIGHT |
| Fecha de producción, publicación, distribución, manufactura, o copyright |
© 1984 |
| 300 ## - DESCRIPCIÓN FÍSICA |
| Extensión |
205 páginas |
| Dimensiones |
; 20 cm |
| 336 ## - TIPO DE CONTENIDO |
| Término de tipo de contenido |
texto |
| Código de tipo de contenido |
txt |
| Fuente |
rdacontent |
| 337 ## - TIPO DE MEDIO |
| Fuente |
rdamedia |
| Nombre del tipo de medio |
sin mediación |
| Código del tipo de medio |
n |
| 338 ## - TIPO DE SOPORTE |
| Fuente |
rdacarrier |
| Nombre del tipo de soporte |
volumen |
| Código Tipo de soporte |
nc |
| 490 ## - MENCIÓN DE SERIE |
| Mención de serie |
Clásicos evangélicos |
| 505 0# - NOTA DE CONTENIDO |
| Nota de contenido con formato preestablecido |
El proceso de salvación. -- La voz de la sangre. -- Jesucristo no puede ser burlado. -- Negociaciones de paz. -- El jardín de Dios. -- El cántico de los ángeles. -- Del estercolero al trono. -- Revestirse de Cristo. -- Necesidad del progreso en el ministerio. -- Nuestro manifiesto. -- Un descanso para los cansados. -- Un gran evangelio para grandes pescadores. |
| 563 ## - NOTA DE ENCUADERNACIÓN |
| Nota de encuadernación |
Rústico |
| 650 17 - ASIENTO SECUNDARIO DE MATERIA - TERMINO TEMÁTICO |
| Término temático o nombre geográfico como elemento de entrada |
Sermones |
| 9 (RLIN) |
283 |
| 942 ## - TIPO DE MATERIAL (KOHA) |
| Tipo de Item KOHA |
Libros General |
| 945 ## - INFORMACIÓN LOCAL DEL REGISTRO |
| Catalogador |
JTF-925 |
| Revisión registro |
AEM-53 |